Welcome to the Holygrace Academy Library

Please use search bar below to get started

ADVANCED INORGANIC ANALYSIS (Record no. 1471)

MARC details
000 -LEADER
fixed length control field 00351nam a22001577a 4500
082 ## - DEWEY DECIMAL CLASSIFICATION NUMBER
Classification number 540
Item number SUB/P
100 ## - MAIN ENTRY--AUTHOR NAME
Personal name SUBHASH
100 ## - MAIN ENTRY--AUTHOR NAME
Personal name SATISH
100 ## - MAIN ENTRY--AUTHOR NAME
Personal name LAL
245 ## - TITLE STATEMENT
Title ADVANCED INORGANIC ANALYSIS
250 ## - EDITION STATEMENT
Edition statement NINTH EDITION
260 ## - PUBLICATION, DISTRIBUTION, ETC. (IMPRINT)
Place of publication MEERUT
Name of publisher PRAGATI PRAKASHAN
Year of publication 2002
300 ## - PHYSICAL DESCRIPTION
Number of Pages 391
650 ## - SUBJECT ADDED ENTRY--TOPICAL TERM
Topical Term CHEMISTRY REFERENCE
Geographic subdivision INDIA
942 ## - ADDED ENTRY ELEMENTS (KOHA)
Koha item type Books
Holdings
Withdrawn status Lost status Collection code Home library Current library Shelving location Date acquired Source of acquisition Cost, normal purchase price Full call number Accession Number Koha item type
    Reference Main Library Main Library SHELF-5 F REFERENCE CHEMISTRY 23/10/2006 purchase 100.00 540 SUB/P 03371 Books